<?xml version="1.0" encoding="UTF-8"?>
<record
    xmlns:xsi="http://www.w3.org/2001/XMLSchema-instance"
    xsi:schemaLocation="http://www.loc.gov/MARC21/slim http://www.loc.gov/standards/marcxml/schema/MARC21slim.xsd"
    xmlns="http://www.loc.gov/MARC21/slim">

  <leader>01328nam a22002297a 4500</leader>
  <controlfield tag="003">NALT</controlfield>
  <controlfield tag="005">20240724233253.0</controlfield>
  <controlfield tag="008">240523b        th ||||| |||| 00| 0 tha d</controlfield>
  <datafield tag="040" ind1=" " ind2=" ">
    <subfield code="a">NALT</subfield>
  </datafield>
  <datafield tag="050" ind1=" " ind2=" ">
    <subfield code="a">JA 86</subfield>
    <subfield code="b">&#xE14;133&#xE01; 2566</subfield>
  </datafield>
  <datafield tag="100" ind1="0" ind2=" ">
    <subfield code="a">&#xE14;&#xE23;&#xE38;&#xE13;&#xE27;&#xE23;&#xE23;&#xE13; &#xE0A;&#xE32;&#xE0D;&#xE1E;&#xE34;&#xE1E;&#xE31;&#xE12;&#xE19;&#xE0A;&#xE31;&#xE22;</subfield>
    <subfield code="9">63907</subfield>
  </datafield>
  <datafield tag="245" ind1="1" ind2="0">
    <subfield code="a">&#xE01;&#xE32;&#xE23;&#xE2A;&#xE37;&#xE48;&#xE2D;&#xE2A;&#xE32;&#xE23;&#xE17;&#xE32;&#xE07;&#xE01;&#xE32;&#xE23;&#xE40;&#xE21;&#xE37;&#xE2D;&#xE07;&#xE43;&#xE19;&#xE20;&#xE32;&#xE27;&#xE30;&#xE27;&#xE34;&#xE01;&#xE24;&#xE15;&#xE34;&#xE01;&#xE32;&#xE23;&#xE41;&#xE1E;&#xE23;&#xE48;&#xE23;&#xE30;&#xE1A;&#xE32;&#xE14;&#xE02;&#xE2D;&#xE07;&#xE44;&#xE27;&#xE23;&#xE31;&#xE2A;&#xE42;&#xE04;&#xE42;&#xE23;&#xE19;&#xE48;&#xE32; (COVID-19) : &#xE28;&#xE36;&#xE01;&#xE29;&#xE32;&#xE40;&#xE1B;&#xE23;&#xE35;&#xE22;&#xE1A;&#xE40;&#xE17;&#xE35;&#xE22;&#xE1A;&#xE23;&#xE31;&#xE10;&#xE1A;&#xE32;&#xE25;&#xE44;&#xE17;&#xE22;&#xE01;&#xE31;&#xE1A;&#xE23;&#xE31;&#xE10;&#xE1A;&#xE32;&#xE25;&#xE2A;&#xE34;&#xE07;&#xE04;&#xE42;&#xE1B;&#xE23;&#xE4C; /</subfield>
    <subfield code="c">&#xE14;&#xE23;&#xE38;&#xE13;&#xE27;&#xE23;&#xE23;&#xE13; &#xE0A;&#xE32;&#xE0D;&#xE1E;&#xE34;&#xE1E;&#xE31;&#xE12;&#xE19;&#xE0A;&#xE31;&#xE22;.</subfield>
  </datafield>
  <datafield tag="260" ind1=" " ind2=" ">
    <subfield code="a">&#xE01;&#xE23;&#xE38;&#xE07;&#xE40;&#xE17;&#xE1E;&#xE2F; : </subfield>
    <subfield code="b">&#xE21;&#xE2B;&#xE32;&#xE27;&#xE34;&#xE17;&#xE22;&#xE32;&#xE25;&#xE31;&#xE22;&#xE40;&#xE01;&#xE23;&#xE34;&#xE01;, </subfield>
    <subfield code="c">2566.</subfield>
  </datafield>
  <datafield tag="300" ind1=" " ind2=" ">
    <subfield code="a">368 &#xE2B;&#xE19;&#xE49;&#xE32; :</subfield>
    <subfield code="c">30 &#xE0B;&#xE21;.</subfield>
  </datafield>
  <datafield tag="650" ind1=" " ind2="4">
    <subfield code="a">&#xE01;&#xE32;&#xE23;&#xE2A;&#xE37;&#xE48;&#xE2D;&#xE2A;&#xE32;&#xE23;&#xE17;&#xE32;&#xE07;&#xE01;&#xE32;&#xE23;&#xE40;&#xE21;&#xE37;&#xE2D;&#xE07; </subfield>
    <subfield code="9">23995</subfield>
  </datafield>
  <datafield tag="650" ind1=" " ind2="4">
    <subfield code="a">&#xE42;&#xE23;&#xE04;&#xE15;&#xE34;&#xE14;&#xE40;&#xE0A;&#xE37;&#xE49;&#xE2D;&#xE44;&#xE27;&#xE23;&#xE31;&#xE2A;&#xE42;&#xE04;&#xE42;&#xE23;&#xE19;&#xE32;</subfield>
    <subfield code="x">&#xE41;&#xE07;&#xE48;&#xE01;&#xE32;&#xE23;&#xE40;&#xE21;&#xE37;&#xE2D;&#xE07;</subfield>
    <subfield code="9">47144</subfield>
  </datafield>
  <datafield tag="942" ind1=" " ind2=" ">
    <subfield code="c">RSH</subfield>
    <subfield code="2">lcc</subfield>
  </datafield>
  <datafield tag="996" ind1=" " ind2=" ">
    <subfield code="a">i002</subfield>
    <subfield code="b">CATSTF	</subfield>
    <subfield code="c">2024-05-23</subfield>
  </datafield>
  <datafield tag="996" ind1=" " ind2=" ">
    <subfield code="a">jamriang.p</subfield>
    <subfield code="b">CATSTF	</subfield>
    <subfield code="c">2024-05-23</subfield>
  </datafield>
  <datafield tag="999" ind1=" " ind2=" ">
    <subfield code="c">105192</subfield>
    <subfield code="d">105192</subfield>
  </datafield>
  <datafield tag="998" ind1=" " ind2=" ">
    <subfield code="j">1020</subfield>
    <subfield code="k"> &#xE08;&#xE33;&#xE40;&#xE23;&#xE35;&#xE22;&#xE07;  &#xE23;&#xE30;&#xE27;&#xE31;&#xE07;&#xE2A;&#xE33;&#xE42;&#xE23;&#xE07;</subfield>
  </datafield>
  <datafield tag="952" ind1=" " ind2=" ">
    <subfield code="0">0</subfield>
    <subfield code="1">0</subfield>
    <subfield code="2">lcc</subfield>
    <subfield code="4">0</subfield>
    <subfield code="7">0</subfield>
    <subfield code="8">CRSH</subfield>
    <subfield code="a">NALT</subfield>
    <subfield code="b">NALT</subfield>
    <subfield code="c">RSH</subfield>
    <subfield code="d">2024-05-23</subfield>
    <subfield code="l">0</subfield>
    <subfield code="o">&#xE27; JA 86 &#xE14;133&#xE01; 2566</subfield>
    <subfield code="p">3961214014</subfield>
    <subfield code="r">2024-05-24 00:00:00</subfield>
    <subfield code="w">2024-05-23</subfield>
    <subfield code="y">RSH</subfield>
  </datafield>
</record>
